000 00752nam a22002297a 4500
999 _c18318
_d18318
003 AR-CdUCM
008 190315b ||||| |||| 00| 0 spa d
040 _aMUNICIPALIDAD PROVINCIAL DEL CUSCO
_cBIBLIOTECA MUNICIPAL DEL CUSCO
082 _a179 /
_bS79
_2Segunda
100 _aStevens E. W.
_938835
245 _aEl poder y la clave de la convicción /
260 _aBarcelona :
_bSintes,
_c1957.
300 _a104 páginas ;
_c20 cm.
500 _aLibro empastado
505 _aContenido: La convicción -- génesis de la convicción -- a la felicidad por la convicción ...
650 _aPsicología
_91538
650 _aConvicción
_94437
650 _aEntusiasmo
_938836
650 _aConfianza
_918325
942 _2ddc
_cLIBROS
945 _arcc